000 00646nab a2200193 4500
001 244442
003 OSt
005 20260305101838.0
007 tu
008 260305s2020|||||||
040 _aDE-2950
_cDE-2950
245 0 0 _aFrankfurt als Grenzstadt
_bGeschichte. Der Historiker Dr. Konrad Tschäpe erläuterte, wie ab 1945 die Oder zur Grenzstadt wurde. Im Mittelpunkt stand das Frankfurter Protokoll/
_cRalf Loock
264 _c2026
653 _aFrankfurt (Oder)
653 _aStadtgeschichte
653 _aGrenzstadt
773 0 _g37. Jahrgang (2026) Nr. 49 vom 27. 02.2026 , S. 16 , mit Foto
_tMärkische Oderzeitung
942 _2z
_cA
999 _c374329
_d374329